000 00660nam a22002297a 4500
003 OSt
005 20170706213131.0
008 170705b xxu||||| |||| 00| 0 eng d
020 _a0421586605
020 _a0421366303
040 _aLDCLIB
_cLDCLIB
082 _222
_aRef. 340.03
_bJAM
100 _aJames, John S.
245 1 0 _aStroud's Judicial Dictionary of Words and Phrases /
_cJohn S. Greenberg and Alexandra Millbrook.
250 _a5th ed.
260 _aLondon :
_bSweet & Maxwell,
_c1997.
300 _acxxxiv, 347 p. ;
_c24 cm.
650 _aLaw
_xDictionary
700 _aGreenberg, Daniel.
700 _aMillbrook, Alexandra.
942 _2ddc
_cBK
999 _c8511
_d8511